[Event "NOR-chT Elite 2324"]
[Site "Norway"]
[Date "2024.03.08"]
[Round "7.15"]
[White "Fossum, Oystein Boyum"]
[Black "Ingebretsen, Jens E"]
[Result "0-1"]
[WhiteElo "2314"]
[BlackElo "2408"]
[PlyCount "68"]
[EventDate "2023.10.27"]
[EventType "team-tourn"]
[EventRounds "9"]
[EventCountry "NOR"]
[SourceTitle "CB16_2024"]
[SourceDate "2024.04.17"]
[SourceVersion "1"]
[SourceVersionDate "2024.04.17"]
[SourceQuality "1"]
[WhiteTeam "Valerenga"]
[BlackTeam "OSS"]
[WhiteTeamCountry "NOR"]
[BlackTeamCountry "NOR"]

1. Nf3 c5 2. b3 Nc6 3. Bb2 Nf6 4. e3 g6 5. d4 cxd4 6. exd4 d5 7. Be2 Bg7 8. 0-0 0-0 9. c4 Bf5 10. Nc3 Rc8 11. c5 Ne4 12. Na4 Qc7 13. a3 a5 14. h3 Rcd8 15. Bb5 g5 16. Bc1 g4 17. Nh4 Nxd4 18. Bb2 Nxb5 19. Bxg7 Kxg7 20. Nxf5+ Kh8 21. hxg4 Qe5 22. Qd3 e6 23. Ne3 Nbc3 24. Nxc3 Qxc3 25. Qxc3+ Nxc3 26. f3 d4 27. Nc4 d3 28. Rf2 Rd4 29. Rd2 a4 30. Na5 e5 31. Kf2 f5 32. Rc1 Ne2 33. Rc4 axb3 34. Rxd4 Nxd4 0-1

[Event "Titled Tuesday intern op 09th Jan Early"]
[Site "Chess.com INT"]
[Date "2024.01.09"]
[Round "1"]
[White "Ingebretsen, Jens E"]
[Black "Llari, Marc"]
[Result "0-1"]
[WhiteElo "2400"]
[BlackElo "2066"]
[PlyCount "154"]
[EventDate "2024.01.09"]
[EventType "swiss (blitz)"]
[EventRounds "11"]
[EventCountry "USA"]
[SourceTitle "CB03_2024"]
[SourceDate "2024.01.17"]
[SourceVersion "1"]
[SourceVersionDate "2024.01.17"]
[SourceQuality "1"]

1. g3 c6 2. Bg2 d5 3. Nf3 Nf6 4. 0-0 Bf5 5. d3 Nbd7 6. Nbd2 e5 7. Re1 Bc5 8. e4 dxe4 9. dxe4 Be6 10. Nb3 Bb6 11. Be3 Bxe3 12. Rxe3 Qc7 13. Ng5 Bxb3 14. axb3 h6 15. Nf3 0-0 16. Nh4 Rfd8 17. Qe2 Nc5 18. Nf5 Ne6 19. c3 Kh7 20. b4 g6 21. Nh4 Kg7 22. Bh3 Ng5 23. Bg2 h5 24. h3 a5 25. bxa5 Rxa5 26. Rxa5 Qxa5 27. f4 exf4 28. gxf4 Ne6 29. Qf2 Rd1+ 30. Kh2 Qc7 31. e5 Nd5 32. Bxd5 Rxd5 33. Rg3 Qd8 34. f5 Rd2 35. f6+ Kh7 36. Rg2 Rxf2 37. Rxf2 Ng5 38. Ng2 Qd5 39. Re2 Ne6 40. Kg3 Qd3+ 41. Re3 Qf5 42. Re2 Qg5+ 43. Kf2 Nf4 44. Nxf4 Qxf4+ 45. Ke1 Qf5 46. Re3 Qe6 47. Kf2 g5 48. Kg3 Kg6 49. Kf2 h4 50. Ke2 Kf5 51. Kf3 Qxe5 52. Rxe5+ Kxe5 53. Kg4 Kxf6 54. Kh5 Kf5 55. c4 f6 56. b4 Kf4 57. Kg6 f5 58. Kf6 g4 59. hxg4 fxg4 60. Ke6 g3 61. Kd7 g2 62. Kc7 g1Q 63. Kxb7 Qd4 64. c5 Qc4 65. Kxc6 Qxb4 66. Kd6 Qxc5+ 67. Kxc5 h3 68. Kd4 h2 69. Kd5 h1Q+ 70. Ke6 Qe4+ 71. Kf6 Qf5+ 72. Kg7 Ke5 73. Kh8 Qf6+ 74. Kh7 Ke6 75. Kg8 Qe7 76. Kh8 Kf6 77. Kg8 Qg7# 0-1

[Event "Titled Tuesday intern op 26th Sep Early"]
[Site "Chess.com INT"]
[Date "2023.09.26"]
[Round "3"]
[White "Korol, Dimitry"]
[Black "Ingebretsen, Jens E"]
[Result "1/2-1/2"]
[WhiteElo "2287"]
[BlackElo "2408"]
[PlyCount "164"]
[EventDate "2023.09.26"]
[EventType "swiss (blitz)"]
[EventRounds "11"]
[EventCountry "USA"]
[SourceTitle "EXT 2024"]
[Source "ChessBase"]
[SourceDate "2023.10.10"]
[SourceVersion "1"]
[SourceVersionDate "2023.10.10"]
[SourceQuality "1"]

1. d4 Nf6 2. c4 e6 3. Nc3 d5 4. cxd5 Nxd5 5. e4 Nxc3 6. bxc3 c5 7. Nf3 cxd4 8. cxd4 Bb4+ 9. Bd2 Bxd2+ 10. Qxd2 0-0 11. Bc4 Nd7 12. 0-0 b6 13. Rad1 Bb7 14. Rfe1 Rc8 15. Bd3 Nf6 16. h3 h6 17. Bb1 Qc7 18. Ne5 Rfd8 19. Qf4 Qe7 20. Re3 Nd7 21. Ng4 Qg5 22. Qf3 Nf6 23. Nxf6+ Qxf6 24. Qg3 Rxd4 25. Rde1 Rdc4 26. Kh2 Qg5 27. Qf3 Rc1 28. Bd3 Qe5+ 29. g3 Rxe1 30. Rxe1 Rc3 31. Re3 Qd4 32. h4 e5 33. Kg2 Rxd3 34. Rxd3 Bxe4 35. Rxd4 Bxf3+ 36. Kxf3 exd4 37. Ke4 Kf8 38. Kxd4 Ke7 39. Kd5 Kd7 40. g4 a6 41. f4 Kc7 42. h5 f6 43. Ke6 b5 44. Kf7 b4 45. Kxg7 a5 46. g5 fxg5 47. fxg5 a4 48. gxh6 b3 49. axb3 a3 50. h7 a2 51. h8Q a1Q+ 52. Kg8 Qa8+ 53. Kh7 Qe4+ 54. Kh6 Qe3+ 55. Kg6 Qd3+ 56. Kh6 Qe3+ 57. Kh7 Qe4+ 58. Kh6 Qf4+ 59. Kg6 Qg4+ 60. Kh6 Qf4+ 61. Kg6 Qg3+ 62. Kh7 Qd3+ 63. Kg8 Qxb3+ 64. Kh7 Qd3+ 65. Kh6 Qe3+ 66. Kh7 Qe4+ 67. Kh6 Qf4+ 68. Kh7 Qf5+ 69. Kh6 Qe6+ 70. Kh7 Qe4+ 71. Kh6 Qe3+ 72. Kh7 Qd3+ 73. Kh6 Qd2+ 74. Kh7 Qc2+ 75. Kh6 Qc1+ 76. Kh7 Qh1 77. Qg7+ Kd8 78. Qf6+ Ke8 79. h6 Qh3 80. Kh8 Qh5 81. h7 Qf7 82. Qxf7+ Kxf7 1/2-1/2

[Event "Titled Tuesday intern op 08th Aug Early"]
[Site "Chess.com INT"]
[Date "2023.08.08"]
[Round "4"]
[White "Ingebretsen, Jens E"]
[Black "Mayank, Chakraborty"]
[Result "0-1"]
[WhiteElo "2377"]
[BlackElo "2322"]
[PlyCount "90"]
[EventDate "2023.08.08"]
[EventType "swiss (blitz)"]
[EventRounds "11"]
[EventCountry "USA"]
[SourceTitle "EXT 2024"]
[Source "ChessBase"]
[SourceDate "2023.10.10"]
[SourceVersion "1"]
[SourceVersionDate "2023.10.10"]
[SourceQuality "1"]

1. Nf3 d5 2. g3 Nf6 3. Bg2 Bf5 4. 0-0 e6 5. c4 c6 6. b3 h6 7. Bb2 Nbd7 8. d3 Bd6 9. Nc3 Bh7 10. e4 0-0 11. cxd5 cxd5 12. Nb5 Bc5 13. e5 Ne8 14. d4 Bb4 15. a3 Be7 16. b4 a6 17. Nc3 Nb6 18. Nd2 Rc8 19. f4 Nc7 20. Qe2 Qd7 21. Rac1 Nb5 22. Nxb5 Qxb5 23. Qxb5 axb5 24. g4 Bd3 25. Rf3 Be2 26. Rg3 Rxc1+ 27. Bxc1 Rc8 28. Nb3 Bd1 29. Nc5 Na4 30. Bf3 Bxf3 31. Rxf3 b6 32. Nb3 Rc2 33. h3 Bh4 34. Kf1 Nc3 35. Bd2 Nb1 36. Be1 Bxe1 37. Kxe1 Nxa3 38. Kd1 Rb2 39. Nc1 Nc4 40. Nb3 h5 41. Kc1 Rg2 42. gxh5 Kh7 43. f5 exf5 44. Rxf5 Rg1+ 45. Kc2 Ne3+ 0-1

[Event "Bekkestua op"]
[Site "Bekkestua"]
[Date "2023.08.04"]
[Round "5"]
[White "Ingebretsen, Jens E"]
[Black "Brodtkorb, Lars Johan"]
[Result "1-0"]
[WhiteElo "2377"]
[BlackElo "2087"]
[PlyCount "103"]
[EventDate "2023.08.04"]
[EventType "swiss"]
[EventRounds "6"]
[EventCountry "NOR"]
[SourceTitle "EXT 2024"]
[Source "ChessBase"]
[SourceDate "2023.10.10"]
[SourceVersion "1"]
[SourceVersionDate "2023.10.10"]
[SourceQuality "1"]

1. c4 e6 2. Nc3 d5 3. e3 Nf6 4. Nf3 Be7 5. b3 0-0 6. Bb2 c5 7. cxd5 Nxd5 8. Qc2 Nxc3 9. dxc3 Nd7 10. Bd3 Nf6 11. c4 h6 12. g4 Nxg4 13. 0-0-0 Qa5 14. Rhg1 f5 15. Rxg4 fxg4 16. Bh7+ Kh8 17. Ne5 Rf6 18. Nxg4 e5 19. Nxe5 Qb6 20. Ng6+ Rxg6 21. Qxg6 Qxg6 22. Bxg6 Be6 23. Be4 Rf8 24. f4 b6 25. Be5 Bf6 26. Bxf6 gxf6 27. Bc6 Kg7 28. Bd7 Bg8 29. Bf5 Re8 30. Rd7+ Kf8 31. Kd2 Re7 32. Rd6 Kg7 33. e4 Bf7 34. Ke3 Bg8 35. h4 Bf7 36. Rd2 Be8 37. a4 Kf8 38. Rd8 Kg7 39. Rc8 Kf7 40. a5 Rb7 41. a6 Re7 42. Kf3 Kg7 43. Ke3 Bh5 44. Rd8 Be8 45. Rd6 Bh5 46. Be6 Bg6 47. f5 Bh5 48. Kf4 Be2 49. e5 Bh5 50. exf6+ Kxf6 51. Bd5+ Kg7 52. f6+ 1-0

[Event "Titled Tuesday intern op 01st Aug Early"]
[Site "Chess.com INT"]
[Date "2023.08.01"]
[Round "2"]
[White "Ingebretsen, Jens E"]
[Black "Harsh, Suresh"]
[Result "0-1"]
[WhiteElo "2377"]
[BlackElo "2324"]
[PlyCount "160"]
[EventDate "2023.08.01"]
[EventType "swiss (blitz)"]
[EventRounds "11"]
[EventCountry "USA"]
[SourceTitle "EXT 2024"]
[Source "ChessBase"]
[SourceDate "2023.10.10"]
[SourceVersion "1"]
[SourceVersionDate "2023.10.10"]
[SourceQuality "1"]

1. d4 d6 2. e4 Nf6 3. Nc3 a6 4. Bc4 b5 5. Bb3 Bb7 6. f3 Nbd7 7. Be3 e6 8. Nge2 Be7 9. a4 b4 10. Na2 c5 11. dxc5 dxc5 12. 0-0 0-0 13. c3 a5 14. Nac1 Ba6 15. Qe1 Ne5 16. Qf2 Qc8 17. Rd1 Rb8 18. Nf4 c4 19. Bc2 b3 20. Bb1 Neg4 21. fxg4 Nxg4 22. Qg3 Nxe3 23. Nh5 g6 24. Qxe3 Bc5 25. Rd4 Qd8 26. Ne2 e5 27. Qh6 gxh5 28. Qxa6 exd4 29. Qxc4 d3+ 30. Qxc5 dxe2 31. Bd3 Rc8 32. Qe3 Qf6 33. Bxe2 Rfd8 34. Rf1 Qg6 35. Rf3 h4 36. Rf4 Kf8 37. Rg4 Qf6 38. Rf4 Qe6 39. Bh5 Rc7 40. Qf3 Rb7 41. h3 Rc8 42. Bg4 Qb6+ 43. Kh2 Rcc7 44. e5 Qg6 45. e6 Kg8 46. exf7+ Rxf7 47. Rxf7 Rxf7 48. Qa8+ Rf8 49. Qd5+ Kg7 50. Qxa5 Qd6+ 51. Kg1 Qf4 52. Qa7+ Qf7 53. Qd4+ Qf6 54. Be6 Qxd4+ 55. cxd4 Rb8 56. a5 Ra8 57. Bxb3 Rxa5 58. Bc4 Ra1+ 59. Kf2 Kf6 60. Kf3 h5 61. b3 Rc1 62. d5 Ke5 63. d6 Rc3+ 64. Kf2 Kxd6 65. Bf7 Ke5 66. b4 Kf4 67. Bxh5 Rc2+ 68. Be2 Rb2 69. b5 Ke4 70. b6 Rxb6 71. g3 Rf6+ 72. Kg2 Ke3 73. Bb5 Rf2+ 74. Kg1 hxg3 75. Bc6 Rc2 76. Bb5 Kf3 77. Bf1 Rc1 78. h4 g2 79. Kh2 Rxf1 80. h5 Rh1# 0-1

[Event "Copenhagen Obro CXU op"]
[Site "Copenhagen"]
[Date "2023.07.27"]
[Round "5"]
[White "Holm, Kristian Stuvik"]
[Black "Ingebretsen, Jens E"]
[Result "1/2-1/2"]
[WhiteElo "2480"]
[BlackElo "2342"]
[PlyCount "61"]
[EventDate "2023.07.24"]
[EventType "swiss"]
[EventRounds "9"]
[EventCountry "DEN"]
[SourceTitle "CBM 215 Extra"]
[Source "ChessBase"]
[SourceDate "2023.09.30"]
[SourceVersion "1"]
[SourceVersionDate "2023.09.30"]
[SourceQuality "1"]

1. e4 c5 2. Nf3 e6 3. d4 cxd4 4. Nxd4 Nc6 5. Bf4 d6 6. Bb5 Bd7 7. Nxc6 bxc6 8. Bd3 e5 9. Be3 Nf6 10. c4 d5 11. exd5 cxd5 12. 0-0 Be7 13. Bg5 dxc4 14. Bxc4 0-0 15. Nc3 Ng4 16. Bxe7 Qxe7 17. Nd5 Qg5 18. h3 Nh6 19. Nf6+ Qxf6 20. Qxd7 Rfd8 21. Qb7 Nf5 22. Rad1 Nd6 23. Qa6 Nxc4 24. Qxc4 Rd4 25. Rxd4 exd4 26. Rd1 Rd8 27. b4 Qd6 28. Rd3 h5 29. Qc5 Qxc5 30. bxc5 Rc8 31. Rxd4 1/2-1/2

[Event "NOR-ch"]
[Site "Oslo"]
[Date "2023.07.07"]
[Round "8"]
[White "Ingebretsen, Jens E"]
[Black "Holm, Kristian Stuvik"]
[Result "1/2-1/2"]
[WhiteElo "2342"]
[BlackElo "2480"]
[PlyCount "20"]
[EventDate "2023.06.30"]
[EventType "swiss"]
[EventRounds "9"]
[EventCountry "NOR"]
[SourceTitle "CBM 215 Extra"]
[Source "ChessBase"]
[SourceDate "2023.09.30"]
[SourceVersion "1"]
[SourceVersionDate "2023.09.30"]
[SourceQuality "1"]

1. d4 Nf6 2. c4 e6 3. g3 Bb4+ 4. Nd2 c5 5. a3 Bxd2+ 6. Qxd2 cxd4 7. Nf3 b6 8. b4 Bb7 9. Qxd4 Nc6 10. Qb2 Rc8 1/2-1/2

[Event "Titled Tuesday intern op 27th Jun Early"]
[Site "Chess.com INT"]
[Date "2023.06.27"]
[Round "4"]
[White "Fridman, Daniel"]
[Black "Ingebretsen, Jens E"]
[Result "1-0"]
[WhiteElo "2586"]
[BlackElo "2342"]
[PlyCount "73"]
[EventDate "2023.06.27"]
[EventType "swiss (blitz)"]
[EventRounds "11"]
[EventCountry "USA"]
[SourceTitle "EXT 2024"]
[Source "ChessBase"]
[SourceDate "2023.10.10"]
[SourceVersion "1"]
[SourceVersionDate "2023.10.10"]
[SourceQuality "1"]

1. d4 Nf6 2. Nf3 e6 3. c4 d5 4. g3 Bb4+ 5. Nc3 0-0 6. Bg2 dxc4 7. 0-0 c5 8. dxc5 Qxd1 9. Rxd1 Bxc5 10. Ne5 Nbd7 11. Nxc4 Ng4 12. Ne4 Be7 13. Ned6 Nge5 14. Nxe5 Nxe5 15. Bf4 Ng6 16. Nxc8 Raxc8 17. Bxb7 Rc2 18. Rd2 Rxd2 19. Bxd2 Rb8 20. Bf3 Rxb2 21. Be3 a5 22. Kf1 Rb8 23. Rc1 h6 24. a4 Rb4 25. Bc6 Ne5 26. Bb5 Ng4 27. Bd2 Rb2 28. Bc3 Ra2 29. h3 Nf6 30. Bxa5 Nd5 31. Be1 Ba3 32. Rb1 Bc5 33. a5 Kf8 34. Bc4 Ra4 35. Bxd5 exd5 36. Rb5 Rc4 37. Rxc5 1-0

[Event "Titled Tuesday intern op 20th Jun Late"]
[Site "Chess.com INT"]
[Date "2023.06.20"]
[Round "1"]
[White "Ingebretsen, Jens E"]
[Black "Dilmukhametov, Artur"]
[Result "0-1"]
[WhiteElo "2342"]
[BlackElo "2276"]
[PlyCount "84"]
[EventDate "2023.06.20"]
[EventType "swiss (blitz)"]
[EventRounds "11"]
[EventCountry "USA"]
[SourceTitle "EXT 2024"]
[Source "ChessBase"]
[SourceDate "2023.10.10"]
[SourceVersion "1"]
[SourceVersionDate "2023.10.10"]
[SourceQuality "1"]

1. c4 c6 2. d4 d5 3. cxd5 cxd5 4. Nc3 Nc6 5. Nf3 Nf6 6. Bf4 Bf5 7. e3 e6 8. a3 Be7 9. Bd3 Bxd3 10. Qxd3 Nh5 11. Bg3 Nxg3 12. hxg3 h6 13. g4 Rc8 14. e4 dxe4 15. Nxe4 Qb6 16. Rb1 Rd8 17. Rd1 Qxb2 18. 0-0 Qxa3 19. Qb5 Qb4 20. Qd3 Qb6 21. Rb1 Qc7 22. Qb5 Rd7 23. Rfc1 0-0 24. Ne5 Rxd4 25. Nxc6 bxc6 26. Rxc6 Qf4 27. f3 Qe3+ 28. Kh1 Rfd8 29. Rcc1 Bh4 30. Qh5 Bg5 31. Re1 Qf4 32. Nxg5 Qxg5 33. Qxg5 hxg5 34. Ra1 R8d7 35. Ra5 Rd1 36. Rxd1 Rxd1+ 37. Kh2 Rd7 38. Rxg5 Rd5 39. Rxd5 exd5 40. Kg3 a5 41. Kf2 a4 42. Ke2 a3 0-1

[Event "Titled Tuesday intern op 20th Jun Late"]
[Site "Chess.com INT"]
[Date "2023.06.20"]
[Round "6"]
[White "Ingebretsen, Jens E"]
[Black "Mikhalsky, Vladimir"]
[Result "1-0"]
[WhiteElo "2342"]
[BlackElo "2219"]
[PlyCount "103"]
[EventDate "2023.06.20"]
[EventType "swiss (blitz)"]
[EventRounds "11"]
[EventCountry "USA"]
[SourceTitle "EXT 2024"]
[Source "ChessBase"]
[SourceDate "2023.10.10"]
[SourceVersion "1"]
[SourceVersionDate "2023.10.10"]
[SourceQuality "1"]

1. e4 g6 2. Nf3 Bg7 3. d4 d6 4. Bc4 a6 5. Qe2 e6 6. h4 h6 7. Nc3 Ne7 8. h5 g5 9. Nxg5 hxg5 10. Bxg5 Bxd4 11. 0-0-0 Nbc6 12. Nd5 Be5 13. f4 exd5 14. exd5 f6 15. dxc6 fxg5 16. fxe5 d5 17. h6 Be6 18. Qh5+ Bf7 19. Qxg5 Nxc6 20. Qg7 Rg8 21. Bxd5 Rxg7 22. Bxc6+ bxc6 23. Rxd8+ Rxd8 24. hxg7 Ke7 25. Rh8 Bg8 26. g4 Ke6 27. Rh6+ Kxe5 28. Rxc6 Rd6 29. Rxc7 Rg6 30. a4 Rxg4 31. b3 Rg6 32. Kb2 Kd5 33. b4 Kd6 34. Ra7 Kd5 35. Kc3 Rg3+ 36. Kb2 Kc4 37. Rb7 Rg6 38. Ka3 Rg3+ 39. Kb2 Bd5 40. Rd7 Be6 41. Re7 Bg8 42. b5 axb5 43. a5 b4 44. a6 Ra3 45. a7 Bd5 46. Rd7 Be6 47. Re7 Bd5 48. Rc7+ Kb5 49. Rd7 Be6 50. Rb7+ Kc5 51. Re7 Bg8 52. Re8 1-0

[Event "Titled Tuesday intern op 20th Jun Late"]
[Site "Chess.com INT"]
[Date "2023.06.20"]
[Round "7"]
[White "Lin, Dachey"]
[Black "Ingebretsen, Jens E"]
[Result "1-0"]
[WhiteElo "2299"]
[BlackElo "2342"]
[PlyCount "37"]
[EventDate "2023.06.20"]
[EventType "swiss (blitz)"]
[EventRounds "11"]
[EventCountry "USA"]
[SourceTitle "EXT 2024"]
[Source "ChessBase"]
[SourceDate "2023.10.10"]
[SourceVersion "1"]
[SourceVersionDate "2023.10.10"]
[SourceQuality "1"]

1. g4 d5 2. Bg2 Bxg4 3. c4 c6 4. Qb3 Qc7 5. cxd5 Nf6 6. Nc3 a6 7. h3 Bd7 8. d4 e6 9. dxe6 Bxe6 10. Qc2 Bb4 11. e4 Nbd7 12. Nge2 0-0-0 13. Be3 Nb6 14. a3 Be7 15. Bf4 Qd7 16. d5 Nfxd5 17. exd5 Nxd5 18. Bxd5 Bxd5 19. Na4 1-0

[Event "Titled Tuesday intern op 13th Jun Early"]
[Site "Chess.com INT"]
[Date "2023.06.13"]
[Round "6"]
[White "Ingebretsen, Jens E"]
[Black "Miladinovic, Igor"]
[Result "1-0"]
[WhiteElo "2342"]
[BlackElo "2507"]
[PlyCount "71"]
[EventDate "2023.06.13"]
[EventType "swiss (blitz)"]
[EventRounds "11"]
[EventCountry "USA"]
[SourceTitle "EXT 2024"]
[Source "ChessBase"]
[SourceDate "2023.10.10"]
[SourceVersion "1"]
[SourceVersionDate "2023.10.10"]
[SourceQuality "1"]

1. c4 e5 2. Nc3 Nc6 3. Nf3 g6 4. d4 exd4 5. Nxd4 Bg7 6. Nxc6 bxc6 7. g3 Ne7 8. Bg2 0-0 9. 0-0 h6 10. Qc2 d5 11. Rd1 Be6 12. Be3 Qd6 13. Ne4 Qe5 14. Nc5 Qxb2 15. Qxb2 Bxb2 16. Rab1 Bg7 17. Rb7 d4 18. Bxd4 Bxc4 19. Bxg7 Kxg7 20. Rd7 Rfd8 21. Rxe7 Rd1+ 22. Bf1 Rad8 23. Rbxc7 Rc1 24. Rcd7 Rxd7 25. Nxd7 Bxa2 26. f4 a5 27. Kf2 a4 28. Ne5 Bb3 29. Ra7 c5 30. Bg2 Ra1 31. Be4 g5 32. Bg6 gxf4 33. gxf4 Kf6 34. Bxf7 Kf5 35. Bxb3 axb3 36. Rxa1 1-0

[Event "Titled Tuesday intern op 13th Jun Early"]
[Site "Chess.com INT"]
[Date "2023.06.13"]
[Round "7"]
[White "Timofeev, Artyom"]
[Black "Ingebretsen, Jens E"]
[Result "1/2-1/2"]
[WhiteElo "2574"]
[BlackElo "2342"]
[PlyCount "141"]
[EventDate "2023.06.13"]
[EventType "swiss (blitz)"]
[EventRounds "11"]
[EventCountry "USA"]
[SourceTitle "EXT 2024"]
[Source "ChessBase"]
[SourceDate "2023.10.10"]
[SourceVersion "1"]
[SourceVersionDate "2023.10.10"]
[SourceQuality "1"]

1. c4 e5 2. d3 Nf6 3. Nf3 Nc6 4. Nc3 Bb4 5. Bd2 0-0 6. g3 d5 7. cxd5 Nxd5 8. Bg2 Bg4 9. 0-0 Nxc3 10. bxc3 Bd6 11. h3 Bh5 12. Rb1 Rb8 13. Ng5 h6 14. Ne4 f5 15. Nxd6 Qxd6 16. Kh2 Bf7 17. a4 Bd5 18. Bxd5+ Qxd5 19. Qb3 Qxb3 20. Rxb3 b6 21. Kg2 Kf7 22. Rb5 Ke6 23. f4 a6 24. Rbb1 e4 25. Be3 Rbd8 26. Rfd1 exd3 27. exd3 Rd7 28. Kf2 Rfd8 29. Ke2 Kf6 30. g4 Re8 31. Kf3 g5 32. d4 Na5 33. gxf5 Nc4 34. Bc1 Kxf5 35. fxg5 hxg5 36. Rg1 Rg7 37. Rb4 Nd6 38. c4 Rh8 39. c5 Ne4 40. cxb6 Rxh3+ 41. Ke2 cxb6 42. Rxb6 Rc7 43. Rf1+ Kg4 44. Rg1+ Kf5 45. Rf1+ Kg4 46. Rg1+ Rg3 47. Rxg3+ Nxg3+ 48. Kd1 Rd7 49. Rxa6 Rxd4+ 50. Kc2 Rc4+ 51. Kb2 Ne4 52. a5 Nc5 53. Ra8 Nd3+ 54. Kb3 Rxc1 55. a6 Nc5+ 56. Kb2 Nd3+ 57. Kb3 Ra1 58. Kc4 Nf4 59. Kb5 Nd5 60. Ra7 Kg3 61. Kc5 Nc3 62. Rg7 g4 63. a7 Kf3 64. Kc6 Ne4 65. Kb7 Nc5+ 66. Kb8 Na6+ 67. Kb7 Nc5+ 68. Kb8 Ne6 69. Rxg4 Kxg4 70. a8Q Rxa8+ 71. Kxa8 1/2-1/2